Histoire des rois et des ducs de Bretagne / (Record no. 164007)

MARC details
000 -LEADER
campo de control de longitud fija 00685nam a22001935i 4500
001 - NÚMERO DE CONTROL
campo de control 164007
003 - IDENTIFICADOR DE NÚMERO DE CONTROL
campo de control ES-MaACL
005 - FECHA Y HORA DE LA ÚLTIMA TRANSACCIÓN
campo de control 20230906212844.0
008 - DATOS DE LONGITUD FIJA--INFORMACIÓN GENERAL
campo de control de longitud fija 050817s1839 fr | |||||||| ||fre d
040 ## - FUENTE DE CATALOGACIÓN
Centro catalogador/agencia de origen CAM
Lengua de catalogación spa
Centro/agencia transcriptor CAM
100 1# - ENTRADA PRINCIPAL--NOMBRE DE PERSONA
Nombre de persona Roujoux, Prudence Guillaume
Títulos y otros términos asociados al nombre Baron de.
9 (RLIN) 132096
245 10 - MENCIÓN DEL TÍTULO
Título Histoire des rois et des ducs de Bretagne /
Mención de responsabilidad, etc. par M. de Roujoux.
250 ## - MENCION DE EDICION
Mención de edición Nouv. éd.
260 ## - PUBLICACIÓN, DISTRIBUCIÓN, ETC.
Lugar de publicación, distribución, etc. Paris :
Nombre del editor, distribuidor, etc. Duféy,
Fecha de publicación, distribución, etc. 1839 (
Fabricante Imprimerie d'Amédée Saintin)
300 ## - DESCRIPCIÓN FÍSICA
Extensión 4 v. (XIX, 459; [4], 438; VII, 440; [4], 500 p.) ;
Dimensiones 21 cm.
651 #4 - PUNTO DE ACCESO ADICIONAL DE MATERIA--NOMBRE GEOGRÁFICO
Nombre geográfico Gran Bretaña-
Subdivisión general Realeza.
9 (RLIN) 137198
651 #4 - PUNTO DE ACCESO ADICIONAL DE MATERIA--NOMBRE GEOGRÁFICO
Nombre geográfico Gran Bretaña-
Subdivisión general Nobleza.
9 (RLIN) 137196
852 ## - LOCALIZACIÓN
Ubicación ES-MaACL
Número de control de estantería C-3287-3290
Nota libre -- Enc. hol.
Holdings
Estatus retirado Estado de pérdida Estado de daño No para préstamo Colección Biblioteca de origen Biblioteca actual Ubicación en estantería Fecha de adquisición Fuente de adquisición Total de préstamos Signatura topográfica completa Código de barras Visto por última vez Precio de reemplazo Tipo de ítem Koha
        Libros del s. XIX Biblioteca del Ateneo de Madrid Biblioteca del Ateneo de Madrid Sala Palomar 17/01/2008     C-3287-3290 1171890 23/02/2023 23/02/2023 Libro impreso antiguo